Góp phần tìm hiểu nghị quyết về cải cách giáo dục
Đã lưu trong:
| 主要作者: | |
|---|---|
| 格式: | 圖書 |
| 出版: |
H.
Sự thật
1979
|
| 主題: | |
| 標簽: |
添加標簽
沒有標簽, 成為第一個標記此記錄!
|
| Thư viện lưu trữ: | Trung tâm Học liệu Lê Vũ Hùng, Trường Đại học Đồng Tháp |
|---|
| LEADER | 00701pam a22002058a 4500 | ||
|---|---|---|---|
| 001 | 00000519 | ||
| 005 | 20171026081022.0 | ||
| 008 | 110322s1979 ||||||Viesd | ||
| 041 | 0 | # | |a Vie |
| 082 | 1 | 4 | |a 370.1 |b G434PH |
| 100 | 0 | # | |a Hoàng Ngọc Di |
| 245 | 0 | 0 | |a Góp phần tìm hiểu nghị quyết về cải cách giáo dục |c Hoàng Ngọc Di |
| 260 | # | # | |a H. |b Sự thật |c 1979 |
| 300 | # | # | |a 89 tr. |c 19 cm. |
| 650 | # | 4 | |a Giáo dục |
| 653 | # | # | |a Cải cách giáo dục |a Việt Nam |a Nghị quyết |
| 852 | # | # | |b Kho đọc |j KD.0000059 |
| 852 | # | # | |j KD.0000059 |
| 910 | |d 22/03/2011 | ||
| 980 | # | # | |a Trung tâm Học liệu Lê Vũ Hùng, Trường Đại học Đồng Tháp |